000 00283nam a2200121 a 4500
001 4140
005 20140414131949.0
008 090218s19uu xx 00 eng d
050 _aTR 372.61
_bT72 2006
100 _aTressler, D.
245 _aGrammar master. Book 1.
999 _c112744
_d112744